Normal view
MARC view
- البلاد العربية- تاريخ، البلاد العربية- تراجم، البلاد العربية- سياسة وحكومة
Entry Topical Term
001 - CONTROL NUMBER
- control field: 39001
003 - CONTROL NUMBER IDENTIFIER
- control field: JO-AjAnu
005 - DATE AND TIME OF LATEST TRANSACTION
- control field: 20230606080505.0
008 - FIXED-LENGTH DATA ELEMENTS
- fixed length control field: 230606|| aca||aabn | a|a d
040 ## - CATALOGING SOURCE
- Original cataloging agency: JO-AjAnu
- Transcribing agency: JO-AjAnu
150 ## - HEADING--TOPICAL TERM
- Topical term or geographic name entry element: البلاد العربية- تاريخ، البلاد العربية- تراجم، البلاد العربية- سياسة وحكومة
670 ## - SOURCE DATA FOUND
- Source citation: Work cat.: (JO-AjAnu)20002: النقيب، مازن واخرون, author 39000, شخصيات سياسية لها بصمات